| 000 | 00473cam a22001814a 4500 | ||
|---|---|---|---|
| 020 | _a0072341440 (acidfree paper) | ||
| 040 | _cDLC | ||
| 082 | 0 | 0 | _a005 MCG 2000 A003 Or. |
| 100 | 1 | _aHarrell, Charles, | |
| 245 | 1 | 0 | _aSimulation using ProModel / |
| 250 | _a3rd ed. | ||
| 260 |
_aBoston : _bMcGraw-Hill, _cc2000. |
||
| 300 |
_axviii, 603 p. : _bill. ; _c25 cm. |
||
| 650 | 0 | _aComputer simulation. | |
| 700 | 1 | _aGhosh, Biman K. | |
| 700 | 1 | _aBowden, Royce. | |
| 942 | _cEK | ||
| 999 |
_c16444 _d16444 |
||